[Event "Seniorenkampioenschap 2013"]
[Site "Oosterbeek, Netherlands"]
[Date "2013.07.06"]
[Round "1"]
[White "Vogel, Jaap"]
[Black "Broekman, Willem"]
[Result "1/2-1/2"]
[WhiteElo "2196"]
[BlackElo "2007"]
[PlyCount "92"]
[EventDate "2013.??.??"]

1. d4 e6 2. Nf3 f5 3. g3 Nf6 4. Bg2 d5 5. O-O Bd6 6. c4 c6 7. Qc2 O-O 8. Nc3
Qe7 9. Rb1 Bd7 10. c5 Bc7 11. b4 a6 12. Bg5 Be8 13. a4 Nbd7 14. b5 axb5 15.
axb5 h6 16. bxc6 bxc6 17. Rb7 Qd8 18. Bf4 Bxf4 19. gxf4 Ne4 20. Rfb1 Ra3 21.
R7b3 Qa5 22. Rxa3 Qxa3 23. Na4 Bh5 24. Nb6 Ndf6 25. Ne5 Nc3 26. Re1 Nxe2+ 27.
Rxe2 Bxe2 28. Qxe2 Qa1+ 29. Bf1 Qxd4 30. Nbd7 Nxd7 31. Nxd7 Re8 32. Qe5 Qd1 33.
h3 Qc1 34. Kg2 Kh7 35. Be2 Rd8 36. Qc7 Rxd7 37. Qxd7 Qxf4 38. Qe7 e5 39. h4 d4
40. Bh5 Qe4+ 41. Bf3 Qf4 42. Qd6 d3 43. Bd1 Qe4+ 44. Bf3 Qf4 45. Qxc6 Qxh4 46.
Qd7 Qg5+ 1/2-1/2

[Event "Seniorenkampioenschap 2013"]
[Site "Oosterbeek, Netherlands"]
[Date "2013.07.06"]
[Round "1"]
[White "Goossen, Theo"]
[Black "Van den Berg, Ad"]
[Result "0-1"]
[WhiteElo "1996"]
[BlackElo "2176"]
[PlyCount "102"]
[EventDate "2013.??.??"]

1. e4 c5 2. c3 e5 3. Nf3 Nc6 4. Bc4 Qc7 5. O-O Be7 6. d3 Nf6 7. Ng5 O-O 8. f4
h6 9. Nh3 d6 10. f5 Qd8 11. Nd2 Rb8 12. a4 a6 13. Qf3 b5 14. Bd5 Bb7 15. Rf2 b4
16. Nc4 bxc3 17. bxc3 Na5 18. Nxa5 Bxd5 19. Nc4 Nxe4 20. dxe4 Bxc4 21. Bxh6
gxh6 22. f6 Bxf6 23. Qxf6 Qxf6 24. Rxf6 Be6 25. Rxh6 Kg7 26. Rh5 Rb3 27. Rg5+
Kf6 28. Rg3 Rfb8 29. Rf3+ Ke7 30. Ng5 Rb1+ 31. Rxb1 Rxb1+ 32. Kf2 Bc4 33. h4 f6
34. Nh3 Rf1+ 35. Kg3 Rxf3+ 36. Kxf3 a5 37. g4 Bb3 38. g5 Bxa4 39. Ke3 Bd7 40.
Nf2 f5 41. h5 a4 42. Kd2 Kf7 43. c4 Be6 44. Kc3 Kg7 45. Kb2 f4 46. Kc3 Bf7 47.
h6+ Kg6 48. Ng4 f3 49. Kb2 Bxc4 50. Ka3 Bg8 51. Nf6 Bh7 0-1

[Event "Seniorenkampioenschap 2013"]
[Site "Oosterbeek, Netherlands"]
[Date "2013.07.06"]
[Round "1"]
[White "Schouten, Nico"]
[Black "Mostertman, Loek"]
[Result "1-0"]
[WhiteElo "2160"]
[BlackElo "1993"]
[PlyCount "105"]
[EventDate "2013.??.??"]

1. d4 Nf6 2. c4 c5 3. d5 e5 4. Nc3 d6 5. e4 g6 6. Nf3 Bg7 7. Be2 Qe7 8. O-O O-O
9. Ne1 Ne8 10. Nd3 f5 11. f3 f4 12. b4 b6 13. bxc5 bxc5 14. Rb1 g5 15. Bd2 h5
16. Nf2 Rf6 17. Rb3 Rg6 18. h3 Nd7 19. Qb1 Ndf6 20. Rb8 Rxb8 21. Qxb8 Bd7 22.
Qxa7 g4 23. fxg4 hxg4 24. Nxg4 Nxg4 25. Bxg4 Nf6 26. Be6+ Kf8 27. Qb8+ Ne8 28.
Bxd7 Qxd7 29. Rf3 Bf6 30. Be1 Qg7 31. Qb2 Kg8 32. a4 Be7 33. a5 Nc7 34. Nb5 Na6
35. Kf1 Kh7 36. Qe2 Qh6 37. Na7 Bh4 38. Nc6 Bxe1 39. Qxe1 Qg5 40. Qd2 Rg7 41.
Qc2 Rb7 42. Rb3 Rxb3 43. Qxb3 f3 44. Qxf3 Qc1+ 45. Kf2 Qxc4 46. Kg3 Qc1 47. h4
c4 48. Ne7 Qf4+ 49. Qxf4 exf4+ 50. Kxf4 c3 51. Ke3 Nc5 52. Nc6 Nxe4 53. Kd3 1-0

[Event "Seniorenkampioenschap 2013"]
[Site "Oosterbeek, Netherlands"]
[Date "2013.07.06"]
[Round "1"]
[White "Algera, Symon"]
[Black "Van Oosten, Arend"]
[Result "0-1"]
[WhiteElo "1985"]
[BlackElo "2143"]
[PlyCount "60"]
[EventDate "2013.??.??"]

1. d4 f5 2. Nc3 d5 3. Bg5 Nf6 4. e3 e6 5. Nf3 c6 6. Be2 Bd6 7. O-O O-O 8. Ne5
Nbd7 9. f4 Qb6 10. Nxd7 Bxd7 11. b3 c5 12. a4 Rac8 13. Bxf6 Rxf6 14. Nb5 Bxb5
15. axb5 cxd4 16. exd4 e5 17. fxe5 Bxe5 18. Ra4 Bb8 19. Bd3 Qd6 20. g3 Rcf8 21.
c3 f4 22. gxf4 Rxf4 23. Ra2 Qh6 24. Rxf4 Bxf4 25. Kh1 Be3 26. Qg4 Bf2 27. Qg2
Qc1+ 28. Bf1 Be3 29. Qxd5+ Kh8 30. Rf2 Bxf2 0-1

[Event "Seniorenkampioenschap 2013"]
[Site "Oosterbeek, Netherlands"]
[Date "2013.07.06"]
[Round "1"]
[White "Jonkman, Fokke"]
[Black "Toorman, Jan"]
[Result "1-0"]
[WhiteElo "2131"]
[BlackElo "1982"]
[PlyCount "149"]
[EventDate "2013.??.??"]

1. c4 Nf6 2. Nc3 c5 3. Nf3 Nc6 4. d4 cxd4 5. Nxd4 g6 6. e4 Bg7 7. Be3 O-O 8.
Be2 d6 9. O-O Bd7 10. Qd2 Nxd4 11. Bxd4 Bc6 12. f3 b6 13. Rac1 Rc8 14. Rfd1 Qd7
15. Bf1 Rfd8 16. Qf2 Qb7 17. Be3 Bd7 18. b3 Bc6 19. g3 h5 20. h4 Bd7 21. Rc2
Be6 22. Nb5 Nd7 23. Nd4 Bxd4 24. Bxd4 Ne5 25. Rcd2 Qc7 26. Qe3 Kh7 27. Be2 f6
28. Rf1 Nc6 29. Bc3 Ne5 30. Kg2 Qd7 31. Rh1 Qc7 32. Rdd1 Qc5 33. Bd4 Qa5 34.
Rhf1 Nc6 35. Bc3 Qc5 36. Qd2 Ne5 37. f4 Ng4 38. Bd4 Qc6 39. Bf3 Qe8 40. Qc2 Bd7
41. Rfe1 e5 42. Bb2 b5 43. Qd3 bxc4 44. bxc4 Be6 45. Bxg4 Bxg4 46. Rc1 Qe6 47.
Qd5 Rc5 48. Qxe6 Bxe6 49. Red1 Rb8 50. Ba3 Ra5 51. Rc3 Bxc4 52. Rxd6 exf4 53.
gxf4 Bxa2 54. Rxf6 Bb3 55. Rc7+ Kh8 56. Bb2 Kg8 57. Rxg6+ Kf8 58. Bg7+ Ke8 59.
Bd4 Ra2+ 60. Kf3 Bf7 61. Rgc6 Ra3+ 62. Rc3 Rxc3+ 63. Bxc3 Rb3 64. Ke2 a6 65.
Kd2 Be6 66. Rc6 Bg4 67. Rxa6 Bf3 68. f5 Bg4 69. Ra7 Rb1 70. Ke3 Rh1 71. Bf6 Kf8
72. Bg5 Re1+ 73. Kd4 Bf3 74. Re7 Bg2 75. f6 1-0

[Event "Seniorenkampioenschap 2013"]
[Site "Oosterbeek, Netherlands"]
[Date "2013.07.06"]
[Round "1"]
[White "Huysman, Arie"]
[Black "Etmans, Maarten"]
[Result "1/2-1/2"]
[WhiteElo "1976"]
[BlackElo "2115"]
[PlyCount "77"]
[EventDate "2013.??.??"]

1. e4 Nc6 2. Nf3 d6 3. d4 Nf6 4. Nc3 Bg4 5. d5 Ne5 6. Nxe5 dxe5 7. Be2 Bxe2 8.
Qxe2 a6 9. a4 g6 10. f4 exf4 11. Bxf4 Bg7 12. Be5 O-O 13. O-O c6 14. dxc6 Qb6+
15. Kh1 bxc6 16. a5 Qc5 17. Bc7 Nd7 18. Na4 Qa7 19. Bg3 Be5 20. Bxe5 Nxe5 21.
Nb6 Rad8 22. Rad1 Kg7 23. c4 c5 24. Rd5 Qc7 25. Rfd1 e6 26. R5d2 Qe7 27. h3
Rfe8 28. Qe3 Nc6 29. Rd7 Qf8 30. Qg3 Rxd7 31. Rxd7 Rd8 32. Qc7 Rxd7 33. Nxd7
Qa8 34. Nxc5 Kg8 35. Nd7 h5 36. Nb6 Qe8 37. Nd7 Qa8 38. Nb6 Qe8 39. Nd7 1/2-1/2

[Event "Seniorenkampioenschap 2013"]
[Site "Oosterbeek, Netherlands"]
[Date "2013.07.06"]
[Round "1"]
[White "Van Wageningen, Arie"]
[Black "Landsbergen, Ron"]
[Result "1-0"]
[WhiteElo "2100"]
[BlackElo "1975"]
[PlyCount "121"]
[EventDate "2013.??.??"]

1. Nf3 c5 2. c4 Nc6 3. d4 cxd4 4. Nxd4 g6 5. Nc3 Bg7 6. Nxc6 dxc6 7. Qc2 Nf6 8.
e4 O-O 9. Be2 Qc7 10. h3 e5 11. O-O Be6 12. Be3 b6 13. Rac1 Rfd8 14. b4 Ne8 15.
f3 f6 16. a4 Bf8 17. Qb2 Qf7 18. b5 cxb5 19. axb5 Rac8 20. Nd5 Bc5 21. Bxc5
Rxc5 22. f4 Bxd5 23. cxd5 Qe7 24. fxe5 fxe5 25. Bg4 Nc7 26. Kh1 Qd6 27. Qa1 Ra8
28. Rxc5 bxc5 29. Qa5 h5 30. Be2 Ne8 31. Ra1 Nf6 32. Bd3 Nd7 33. Qd2 Kg7 34.
Qe3 Nb6 35. Be2 Nd7 36. Rg1 Rf8 37. Ra1 Ra8 38. Kg1 Nb6 39. g4 hxg4 40. Bxg4
Qe7 41. Qc3 c4 42. Kg2 Rf8 43. Qd2 Nc8 44. Bxc8 Rxc8 45. Qf2 Rc7 46. Rd1 Qg5+
47. Qg3 Qxg3+ 48. Kxg3 Kf7 49. Kf3 Rc5 50. Ra1 Rxb5 51. Rxa7+ Kf6 52. Rc7 Rb3+
53. Kg4 Rb4 54. Rc6+ Kf7 55. Kg5 c3 56. Rxc3 Rxe4 57. Rc7+ Ke8 58. Kf6 Re3 59.
Ke6 Kd8 60. Rh7 Rf3 61. Rh8+ 1-0

[Event "Seniorenkampioenschap 2013"]
[Site "Oosterbeek, Netherlands"]
[Date "2013.07.06"]
[Round "1"]
[White "Pols, Leendert"]
[Black "Van Lanen, Toon"]
[Result "1/2-1/2"]
[WhiteElo "1960"]
[BlackElo "2098"]
[PlyCount "213"]
[EventDate "2013.??.??"]

1. d4 d5 2. c4 e6 3. Nf3 c5 4. cxd5 exd5 5. Nc3 Nc6 6. g3 c4 7. Bg2 Bb4 8. O-O
Nge7 9. e4 dxe4 10. Nxe4 O-O 11. Bd2 Bf5 12. Re1 Qd5 13. Nd6 Bg4 14. Nxc4 Qb5
15. Nce5 Bxf3 16. Nxf3 Bxd2 17. Qxd2 Rad8 18. Rad1 Rd6 19. Qf4 Rf6 20. Qd2 Rd6
21. b3 Rfd8 22. Qe2 Qxe2 23. Rxe2 Kf8 24. Red2 f6 25. Bf1 Nf5 26. d5 Nb4 27.
Nd4 Nxd4 28. Rxd4 Rxd5 29. Rxd5 Rxd5 30. Rxd5 Nxd5 31. Bg2 Nc3 32. Bxb7 Nxa2
33. Kf1 Ke7 34. Ke1 Kd6 35. Kd2 Kc5 36. Be4 h6 37. Bb1 Nb4 38. h4 Kd4 39. Bg6
Nd5 40. Be8 Nc3 41. Bg6 Na2 42. Kc2 Nb4+ 43. Kd2 Na6 44. Be8 Nc5 45. Bf7 a5 46.
Bg8 Ne4+ 47. Ke2 Kc3 48. Ke3 Nc5 49. Bf7 Nxb3 50. Be8 Nd4 51. h5 Kc4 52. Ke4
Kc5 53. Ba4 Ne6 54. Kf5 Nf8 55. f4 Kd6 56. Bb3 Ke7 57. g4 Nd7 58. g5 hxg5 59.
fxg5 fxg5 60. Kxg5 Ne5 61. Ba4 Ke6 62. Bb3+ Kd6 63. Kf5 Nd3 64. Kg6 Nf4+ 65.
Kxg7 Nxh5+ 66. Kg6 Ng3 67. Kg5 Ke5 68. Kg4 Nf1 69. Ba4 Nd2 70. Be8 Ke4 71. Bc6+
Kd4 72. Kf4 Nc4 73. Ba4 Nd2 74. Be8 Nc4 75. Ba4 Nb2 76. Be8 Nd1 77. Ba4 Nc3 78.
Be8 Ne4 79. Bc6 Nd6 80. Ba4 Nb7 81. Bc6 Nc5 82. Bb5 Ne6+ 83. Kf3 Nc7 84. Ba4
Kd3 85. Kf4 Nd5+ 86. Ke5 Kc4 87. Bd7 Nc3 88. Be6+ Kd3 89. Bf5+ Kc4 90. Be6+ Kb4
91. Kd4 Ne2+ 92. Ke3 Nc1 93. Bd7 Kc3 94. Bb5 Nb3 95. Ba4 Nd4 96. Bd7 Nc2+ 97.
Ke4 Kc4 98. Be6+ Kb4 99. Bd7 Na3 100. Kd3 Kb3 101. Be6+ Kb2 102. Bd7 Nc2 103.
Be8 Na3 104. Ba4 Nb1 105. Be8 Nc3 106. Kc4 Kc2 107. Bg6+ 1/2-1/2

[Event "Seniorenkampioenschap 2013"]
[Site "Oosterbeek, Netherlands"]
[Date "2013.07.06"]
[Round "1"]
[White "Vlam, Horatio"]
[Black "Hagendijk, Klaas"]
[Result "0-1"]
[WhiteElo "2075"]
[BlackElo "1945"]
[PlyCount "86"]
[EventDate "2013.??.??"]

1. c4 e5 2. Nf3 Nc6 3. Nc3 Nf6 4. d3 d5 5. cxd5 Nxd5 6. g3 Bb4 7. Bd2 O-O 8.
Bg2 h6 9. Nxd5 Qxd5 10. O-O Qd6 11. Rc1 Be6 12. a3 Bxd2 13. Nxd2 Bd5 14. Ne4
Qd8 15. Rc5 Kh8 16. b4 Nd4 17. e3 Ne6 18. Rc3 b6 19. Qh5 f5 20. Nd2 Bxg2 21.
Kxg2 Qd5+ 22. Kg1 c5 23. Qf3 e4 24. Qg2 Rad8 25. Rd1 Qe5 26. Rdc1 Rxd3 27. Rxd3
exd3 28. Nc4 d2 29. Rd1 Qc3 30. Qd5 Rd8 31. Qxe6 Qc1 32. Nb2 Qxb2 33. Qe7 Qf6
34. Qc7 Qd6 35. Qf7 cxb4 36. axb4 Qxb4 37. Qc7 Qd6 38. Qxa7 b5 39. Kf1 Qd3+ 40.
Kg2 Qc2 41. Qa5 Qxd1 42. Qxd8+ Kh7 43. Qd5 Qc2 0-1

[Event "Seniorenkampioenschap 2013"]
[Site "Oosterbeek, Netherlands"]
[Date "2013.07.06"]
[Round "1"]
[White "Haitsma, Anne"]
[Black "Van Leeuwen, Etienne"]
[Result "0-1"]
[WhiteElo "1923"]
[BlackElo "2061"]
[PlyCount "56"]
[EventDate "2013.??.??"]

1. d4 Nf6 2. c4 g6 3. Nc3 d5 4. Nf3 Bg7 5. Qb3 dxc4 6. Qxc4 O-O 7. e4 a6 8. e5
b5 9. Qb3 Nfd7 10. Be3 c5 11. dxc5 Nxe5 12. Nxe5 Bxe5 13. Be2 Be6 14. Qc2 Nc6
15. Qe4 Qc7 16. Qh4 Bf6 17. Qg3 Qxg3 18. hxg3 Nd4 19. Bd3 Rfd8 20. Be4 Rac8 21.
O-O Rxc5 22. Rfd1 Kg7 23. Rd2 Bc4 24. Rad1 e5 25. f4 b4 26. fxe5 Rxe5 27. Rxd4
bxc3 28. bxc3 Rxe4 0-1

[Event "Seniorenkampioenschap 2013"]
[Site "Oosterbeek, Netherlands"]
[Date "2013.07.06"]
[Round "1"]
[White "Piket, Joop"]
[Black "Vreugdenhil, Frans"]
[Result "1-0"]
[WhiteElo "2056"]
[BlackElo "1921"]
[PlyCount "135"]
[EventDate "2013.??.??"]

1. d4 d5 2. Bg5 Nf6 3. Bxf6 exf6 4. e3 c5 5. c3 cxd4 6. exd4 Qb6 7. Qc2 Bd6 8.
Bd3 O-O 9. Bxh7+ Kh8 10. Bd3 Re8+ 11. Ne2 Bg4 12. f3 Bd7 13. Nd2 Nc6 14. Qb3
Bf4 15. O-O-O Be3 16. Kb1 Qxb3 17. Nxb3 b6 18. h4 a5 19. Na1 a4 20. Nc2 Na5 21.
Nxe3 Rxe3 22. Nf4 Bc6 23. Rhe1 Rae8 24. Rxe3 Rxe3 25. Kc2 g5 26. Nh5 Re6 27. b4
Nb7 28. Kd2 Nd6 29. Rh1 Kg8 30. Re1 Rxe1 31. Kxe1 Ne8 32. hxg5 fxg5 33. Ng3 Nd6
34. Nf5 Nxf5 35. Bxf5 a3 36. Bc2 Kf8 37. Kd2 Ke7 38. g3 Bb5 39. Bb3 Kd6 40. Ke3
Bd7 41. c4 dxc4 42. Bxc4 f6 43. f4 gxf4+ 44. Kxf4 Bc8 45. Ke4 b5 46. Bb3 Bg4
47. Kd3 Be6 48. Kc3 Bg4 49. Bf7 Ke7 50. Bg8 Bd7 51. Kd2 Bg4 52. Kc3 Bd1 53. Bb3
Bg4 54. Bc2 Be6 55. Bd3 Bxa2 56. Bxb5 Kd6 57. Bd3 Bd5 58. Bc2 a2 59. Kb2 Kc6
60. Ba4+ Kb6 61. Be8 Be4 62. Bd7 Bd5 63. b5 Bc4 64. Bc6 Kc7 65. d5 Kb8 66. d6
Be6 67. d7 Kc7 68. b6+ 1-0

[Event "Seniorenkampioenschap 2013"]
[Site "Oosterbeek, Netherlands"]
[Date "2013.07.06"]
[Round "1"]
[White "Burer, Audry"]
[Black "Smeets, Pierre"]
[Result "1/2-1/2"]
[WhiteElo "1917"]
[BlackElo "2051"]
[PlyCount "37"]
[EventDate "2013.??.??"]

1. e4 e6 2. d4 d5 3. Nd2 Nf6 4. e5 Nfd7 5. Bd3 c5 6. c3 Nc6 7. Ne2 cxd4 8. cxd4
Qb6 9. Nf3 Be7 10. O-O f5 11. exf6 Nxf6 12. Re1 O-O 13. Nf4 Bb4 14. Bd2 Nxd4
15. Nxd4 Qxd4 16. Nxe6 Bxe6 17. Bxb4 Qxb4 18. Rxe6 Rae8 19. Qe2 1/2-1/2

[Event "Seniorenkampioenschap 2013"]
[Site "Oosterbeek, Netherlands"]
[Date "2013.07.06"]
[Round "1"]
[White "Klein, Ron"]
[Black "Thieme, Wim"]
[Result "1/2-1/2"]
[WhiteElo "2019"]
[BlackElo "1911"]
[PlyCount "65"]
[EventDate "2013.??.??"]

1. d4 e6 2. Nc3 d5 3. e4 Bb4 4. e5 c5 5. a3 Bxc3+ 6. bxc3 Ne7 7. h4 cxd4 8.
cxd4 Nbc6 9. h5 Nf5 10. c3 Bd7 11. Nf3 Qc7 12. Bd3 Ncxd4 13. cxd4 Qc3+ 14. Qd2
Qxa1 15. O-O Nxd4 16. Bb2 Nxf3+ 17. gxf3 Qa2 18. Qb4 d4 19. Bc4 a5 20. Qxb7
Qxc4 21. Qxa8+ Qc8 22. Qxa5 O-O 23. Rc1 Qb7 24. Rc7 Qxb2 25. Rxd7 Qc1+ 26. Kg2
Qg5+ 27. Kf1 Qc1+ 28. Ke2 Qb2+ 29. Ke1 h6 30. Rd8 Rxd8 31. Qxd8+ Kh7 32. Qe8
Qc1+ 33. Ke2 1/2-1/2

[Event "Seniorenkampioenschap 2013"]
[Site "Oosterbeek, Netherlands"]
[Date "2013.07.06"]
[Round "1"]
[White "Haggeman, Henny"]
[Black "Markus, John"]
[Result "1/2-1/2"]
[WhiteElo "1897"]
[BlackElo "2016"]
[PlyCount "104"]
[EventDate "2013.??.??"]

1. e4 e5 2. Bc4 Nf6 3. d3 Nc6 4. Nf3 Be7 5. O-O O-O 6. c3 d6 7. h3 Na5 8. Bb5
a6 9. Ba4 b5 10. Bc2 c5 11. Re1 Qc7 12. Nbd2 Nc6 13. Nf1 h6 14. Ng3 Be6 15. Qe2
Rfe8 16. Bd2 d5 17. exd5 Bxd5 18. a3 Bf8 19. Rad1 b4 20. axb4 cxb4 21. Ba4 e4
22. dxe4 Nxe4 23. Nxe4 Rxe4 24. Qd3 Rxe1+ 25. Rxe1 Rd8 26. Nd4 Nxd4 27. cxd4
Qc4 28. Qxc4 Bxc4 29. Re8 Rxe8 30. Bxe8 a5 31. Ba4 Bd6 32. g3 Kf8 33. Kg2 Ke7
34. Kf3 Ke6 35. Bf4 Bxf4 36. Kxf4 Kd5 37. Ke3 f6 38. b3 Ba6 39. h4 Bc8 40. Kd3
Bf5+ 41. Ke3 Kd6 42. Kd2 Be4 43. Ke3 Bd5 44. Kf4 g6 45. Ke3 g5 46. hxg5 fxg5
47. f4 Ke6 48. fxg5 hxg5 49. Kd3 Kd6 50. Ke3 Ke6 51. Kd3 Kd6 52. Ke3 Ke6
1/2-1/2

[Event "Seniorenkampioenschap 2013"]
[Site "Oosterbeek, Netherlands"]
[Date "2013.07.07"]
[Round "2"]
[White "Van den Berg, Ad"]
[Black "Van Wageningen, Arie"]
[Result "1/2-1/2"]
[WhiteElo "2176"]
[BlackElo "2100"]
[PlyCount "34"]
[EventDate "2013.??.??"]

1. e4 e6 2. d3 d5 3. Nd2 c5 4. Ngf3 Nc6 5. g3 Be7 6. Bg2 Nf6 7. O-O dxe4 8.
dxe4 e5 9. c3 O-O 10. Qe2 Qc7 11. Nc4 Re8 12. Rd1 Be6 13. Ng5 Bxc4 14. Qxc4 Bf8
15. Bh3 h6 16. Nf3 Rad8 17. Re1 a6 1/2-1/2

[Event "Seniorenkampioenschap 2013"]
[Site "Oosterbeek, Netherlands"]
[Date "2013.07.07"]
[Round "2"]
[White "Van Leeuwen, Etienne"]
[Black "Schouten, Nico"]
[Result "0-1"]
[WhiteElo "2061"]
[BlackElo "2160"]
[PlyCount "63"]
[EventDate "2013.??.??"]

1. e4 e5 2. Nf3 Nc6 3. d4 exd4 4. Bc4 Nf6 5. e5 d5 6. Bb5 Ne4 7. Nxd4 Bd7 8.
Bxc6 bxc6 9. O-O Be7 10. f3 Nc5 11. f4 O-O 12. f5 f6 13. e6 Be8 14. Nc3 Qb8 15.
Rb1 Qb4 16. Be3 Rd8 17. Qe2 Na4 18. Nxa4 Qxa4 19. Nb3 d4 20. Bf4 d3 21. cxd3
Qxa2 22. Qc2 Rb8 23. Nc5 Rb5 24. Be3 g6 25. Rbd1 Kh8 26. Ne4 gxf5 27. Nc3 Qb3
28. Qxb3 Rxb3 29. Rxf5 Rxb2 30. Bh6 Rg8 31. Ra5 Rgxg2+ 32. Kf1 0-1

[Event "Seniorenkampioenschap 2013"]
[Site "Oosterbeek, Netherlands"]
[Date "2013.07.07"]
[Round "2"]
[White "Van Oosten, Arend"]
[Black "Piket, Joop"]
[Result "1-0"]
[WhiteElo "2143"]
[BlackElo "2056"]
[PlyCount "87"]
[EventDate "2013.??.??"]

1. e4 g6 2. d4 d6 3. Be3 Bg7 4. Nc3 c6 5. Qd2 b5 6. a3 a6 7. h4 h5 8. Nh3 Bxh3
9. Rxh3 Nd7 10. Rd1 Ngf6 11. f3 Qc7 12. Qf2 e5 13. d5 c5 14. Rh1 Rb8 15. Qd2
Nb6 16. Bd3 b4 17. axb4 cxb4 18. Ne2 Nc4 19. Bxc4 Qxc4 20. Qd3 Qxd3 21. Rxd3
Bh6 22. Bxh6 Rxh6 23. Kd2 Nd7 24. Ra1 Nc5 25. Re3 f5 26. Nc1 f4 27. Re2 Rh7 28.
Nd3 Nxd3 29. Kxd3 Rb6 30. Ra5 g5 31. hxg5 Rg7 32. Ra4 Rc7 33. Re1 Kf7 34. Rea1
Ra7 35. Kc4 Kg6 36. Rxb4 Rc7+ 37. Kb3 Rxb4+ 38. Kxb4 Rxc2 39. Rxa6 Rxb2+ 40.
Kc3 Rxg2 41. Rxd6+ Kf7 42. Rf6+ Ke7 43. Re6+ Kd7 44. Rxe5 1-0

[Event "Seniorenkampioenschap 2013"]
[Site "Oosterbeek, Netherlands"]
[Date "2013.07.07"]
[Round "2"]
[White "Hagendijk, Klaas"]
[Black "Jonkman, Fokke"]
[Result "0-1"]
[WhiteElo "1945"]
[BlackElo "2131"]
[PlyCount "84"]
[EventDate "2013.??.??"]

1. e4 c5 2. Nf3 g6 3. c4 Bg7 4. d4 cxd4 5. Nxd4 Nf6 6. Nc3 O-O 7. Be2 Nc6 8.
Be3 d6 9. O-O Bd7 10. f4 Nxd4 11. Bxd4 Bc6 12. Bf3 e5 13. fxe5 dxe5 14. Bc5
Qxd1 15. Raxd1 Rfc8 16. Be7 Re8 17. Bd6 Rad8 18. b4 b6 19. a4 Bf8 20. Bxf8 Kxf8
21. b5 Bb7 22. Nd5 Rd6 23. Nxf6 Rxf6 24. Rd7 Re7 25. Rfd1 Rf4 26. Rxe7 Kxe7 27.
Re1 g5 28. h3 h5 29. Bxh5 Rxe4 30. Rc1 Rd4 31. c5 bxc5 32. a5 Rd2 33. b6 axb6
34. axb6 Rxg2+ 35. Kf1 Rb2 36. Rxc5 Kd6 37. Rc7 Bg2+ 38. Kg1 f5 39. Rg7 Bxh3
40. Rxg5 Rxb6 41. Rg6+ Kc5 42. Rg3 Bg4 0-1

[Event "Seniorenkampioenschap 2013"]
[Site "Oosterbeek, Netherlands"]
[Date "2013.07.07"]
[Round "2"]
[White "Thieme, Wim"]
[Black "Vogel, Jaap"]
[Result "0-1"]
[WhiteElo "1911"]
[BlackElo "2196"]
[PlyCount "64"]
[EventDate "2013.??.??"]

1. e4 e6 2. d4 d5 3. exd5 exd5 4. Bf4 Nf6 5. Bd3 Bg4 6. Ne2 c5 7. c3 Nc6 8.
dxc5 Bxc5 9. Nd2 O-O 10. Nb3 Bb6 11. Qd2 Bxe2 12. Bxe2 Ne4 13. Qc2 Bxf2+ 14.
Kf1 Qf6 15. Bf3 Qxf4 16. Bxe4 dxe4 17. Qxf2 Qe5 18. g3 f5 19. Qc5 Qe6 20. Rd1
Rad8 21. Rxd8 Rxd8 22. Ke1 b6 23. Qb5 Ne5 24. Nd4 Nf3+ 25. Kf2 Nxd4 26. cxd4
Rxd4 27. Rc1 h6 28. Rc6 e3+ 29. Ke1 Qe4 30. Rc8+ Kh7 31. Qc6 Qxc6 32. Rxc6 Rd2
0-1

[Event "Seniorenkampioenschap 2013"]
[Site "Oosterbeek, Netherlands"]
[Date "2013.07.07"]
[Round "2"]
[White "Etmans, Maarten"]
[Black "Pols, Leendert"]
[Result "1/2-1/2"]
[WhiteElo "2115"]
[BlackElo "1960"]
[PlyCount "106"]
[EventDate "2013.??.??"]

1. e4 e6 2. d4 d5 3. Nc3 dxe4 4. Nxe4 Nd7 5. Nf3 Ngf6 6. Ng3 Be7 7. Bd3 b6 8.
Qe2 Bb7 9. Ba6 Bxa6 10. Qxa6 Qc8 11. Qe2 O-O 12. O-O Re8 13. Ne5 c5 14. c3 Qc7
15. Bd2 Rad8 16. Rfe1 Nf8 17. Rac1 Qb7 18. Be3 Rc8 19. a4 Ng6 20. Ra1 a6 21.
Rf1 cxd4 22. cxd4 Nh4 23. f3 Nd5 24. Rac1 Rxc1 25. Rxc1 Rc8 26. Rxc8+ Qxc8 27.
Qd2 Nxe3 28. Qxe3 Qc2 29. Qe2 Qxa4 30. Qe4 Qd1+ 31. Kf2 Qd2+ 32. Ne2 Ng6 33.
Nd3 Bf8 34. g3 Ne7 35. Ne5 Nd5 36. Nd7 Qb4 37. Qc2 Qd6 38. Qc8 a5 39. Qe8 Nf6
40. Nxf6+ gxf6 41. Qb5 Qb4 42. Qxb4 Bxb4 43. Ke3 Kf8 44. Kd3 b5 45. f4 Ke7 46.
g4 Bd6 47. h3 Kd7 48. f5 b4 49. b3 Kc6 50. Kc4 Bc7 51. Nc1 Bd6 52. Ne2 Bc7 53.
Nc1 Bd6 1/2-1/2

[Event "Seniorenkampioenschap 2013"]
[Site "Oosterbeek, Netherlands"]
[Date "2013.07.07"]
[Round "2"]
[White "Van Lanen, Toon"]
[Black "Huysman, Arie"]
[Result "1/2-1/2"]
[WhiteElo "2098"]
[BlackElo "1976"]
[PlyCount "71"]
[EventDate "2013.??.??"]

1. e4 e5 2. Nf3 Nc6 3. d4 exd4 4. Nxd4 Bb4+ 5. c3 Be7 6. Nxc6 bxc6 7. Bd3 d6 8.
O-O Nf6 9. Qc2 O-O 10. f4 d5 11. e5 Bc5+ 12. Kh1 Ng4 13. g3 h5 14. h3 Nh6 15.
Kh2 f6 16. b4 Bb6 17. a4 a5 18. bxa5 Rxa5 19. e6 f5 20. Qe2 Re8 21. Qxh5 Rxe6
22. Nd2 Qe7 23. Nb3 Ba6 24. Qd1 Bxd3 25. Qxd3 Re2+ 26. Kh1 Ra8 27. a5 Ba7 28.
Ba3 Qe8 29. Rf3 Re4 30. Bc5 Bxc5 31. Nxc5 Qh5 32. Kg2 Rae8 33. Ra2 Re1 34. Raf2
Ng4 35. a6 Nxf2 36. Rxf2 1/2-1/2

[Event "Seniorenkampioenschap 2013"]
[Site "Oosterbeek, Netherlands"]
[Date "2013.07.07"]
[Round "2"]
[White "Smeets, Pierre"]
[Black "Haggeman, Henny"]
[Result "0-1"]
[WhiteElo "2051"]
[BlackElo "1897"]
[PlyCount "80"]
[EventDate "2013.??.??"]

1. d4 c5 2. Nf3 cxd4 3. Nxd4 Nf6 4. c4 Nc6 5. Nc3 g6 6. e4 d6 7. Be2 Bg7 8. Nc2
O-O 9. O-O Be6 10. Bg5 h6 11. Be3 Qd7 12. Qd2 Kh7 13. f3 Rfc8 14. Rfd1 Ne5 15.
b3 Qd8 16. Rac1 Nc6 17. Nd5 Nd7 18. Nf4 Nf8 19. h4 Bd7 20. h5 g5 21. Nd5 Ne6
22. g3 Bb2 23. Rb1 Qh8 24. Ncb4 Bf6 25. Nxf6+ Qxf6 26. Nd5 Qg7 27. Kh2 Rg8 28.
Nxe7 Nxe7 29. Qxd6 Qc3 30. Bd3 Nc6 31. e5+ Kg7 32. f4 Rad8 33. Rbc1 Qa5 34. Qd5
Qxa2+ 35. Rc2 Qxb3 36. Qe4 Nf8 37. f5 Bc8 38. Rcd2 Qc3 39. e6 fxe6 40. f6+ Kf7
0-1

[Event "Seniorenkampioenschap 2013"]
[Site "Oosterbeek, Netherlands"]
[Date "2013.07.07"]
[Round "2"]
[White "Broekman, Willem"]
[Black "Klein, Ron"]
[Result "1-0"]
[WhiteElo "2007"]
[BlackElo "2019"]
[PlyCount "89"]
[EventDate "2013.??.??"]

1. d4 Nf6 2. c4 e5 3. dxe5 Ng4 4. Bf4 Bb4+ 5. Nd2 Nc6 6. Ngf3 Qe7 7. a3 Ngxe5
8. Nxe5 Nxe5 9. e3 Bxd2+ 10. Qxd2 d6 11. Rc1 b6 12. Qd5 Rb8 13. c5 bxc5 14.
Bxe5 Qxe5 15. Qxe5+ dxe5 16. Rxc5 Rxb2 17. Bb5+ Bd7 18. Rxe5+ Kd8 19. Bd3 Rb3
20. Ke2 Rxa3 21. Rd1 Kc8 22. Re7 Rf8 23. Be4 Bb5+ 24. Kf3 Ra4 25. Bd5 Ra6 26.
Rc1 Rf6+ 27. Ke4 c6 28. Bb3 a5 29. f4 a4 30. Ba2 Rd6 31. Bxf7 Kd8 32. Ra7 Rd7
33. Ra8+ Ke7 34. Rxf8 Kxf8 35. Be6 Rd2 36. g4 Ke7 37. Ke5 Rd6 38. f5 Rd3 39. e4
a3 40. g5 Rf3 41. Rd1 Rd3 42. f6+ Kf8 43. Rc1 Ba4 44. h4 Rd2 45. Rc3 1-0

[Event "Seniorenkampioenschap 2013"]
[Site "Oosterbeek, Netherlands"]
[Date "2013.07.07"]
[Round "2"]
[White "Markus, John"]
[Black "Burer, Audry"]
[Result "1-0"]
[WhiteElo "2016"]
[BlackElo "1917"]
[PlyCount "75"]
[EventDate "2013.??.??"]

1. d4 Nf6 2. c4 g6 3. Nc3 Bg7 4. e4 d6 5. f4 O-O 6. Nf3 c5 7. d5 e6 8. Be2 exd5
9. cxd5 Re8 10. e5 dxe5 11. fxe5 Ng4 12. Bg5 Qb6 13. O-O Nxe5 14. d6 Qxb2 15.
Nd5 Nxf3+ 16. Bxf3 Nc6 17. Rb1 Qd4+ 18. Kh1 Rb8 19. Nc7 Bd7 20. Nxe8 Bxe8 21.
Bd5 Ne5 22. Qxd4 cxd4 23. Rxb7 Rxb7 24. Bxb7 h6 25. Be7 d3 26. Bd5 Bb5 27. Rb1
d2 28. Rd1 Nd3 29. Rxd2 Ne5 30. h3 h5 31. Rc2 Bd7 32. Rc7 a5 33. Bb7 Bf8 34.
Rc5 Bxe7 35. dxe7 f6 36. Bd5+ Kg7 37. Rxa5 g5 38. Ra8 1-0